Giáo trình xã hội học văn hóa

Nội dung giới thiệu về đối tượng, chức năng, nhiệm vụ của xã hội học văn hoá. Một số lý thuyết và phương pháp nghiên cứu của xã hội học văn hoá, các thành tố văn hoá và văn hoá qua một số lĩnh vực hoạt động....

全面介紹

Đã lưu trong:
書目詳細資料
主要作者: Mai, Thị Kim Thanh
格式: 圖書
語言:Undetermined
出版: Hà Nội Giáo dục Việt Nam 2011
主題:
標簽: 添加標簽
沒有標簽, 成為第一個標記此記錄!
Thư viện lưu trữ: Trung tâm Học liệu Trường Đại học Cần Thơ
LEADER 01162nam a2200229Ia 4500
001 CTU_207450
008 210402s9999 xx 000 0 und d
020 |c 38000 
082 |a 303.482 
082 |b Th107 
100 |a Mai, Thị Kim Thanh 
245 0 |a Giáo trình xã hội học văn hóa 
245 0 |c Mai Thị Kim Thanh 
260 |a Hà Nội 
260 |b Giáo dục Việt Nam 
260 |c 2011 
520 |a Nội dung giới thiệu về đối tượng, chức năng, nhiệm vụ của xã hội học văn hoá. Một số lý thuyết và phương pháp nghiên cứu của xã hội học văn hoá, các thành tố văn hoá và văn hoá qua một số lĩnh vực hoạt động. 
526 |a Xã hội học tôn giáo,Xã hội học văn hóa 
526 |b XN365,XN352 
650 |a Cultural sociology,Aspects of modern sociology. Social processes,Xã hội học văn hoá,Khía cạnh của xã hội học hiện đại. Quá trình xã hội 
904 |i Qhieu 
980 |a Trung tâm Học liệu Trường Đại học Cần Thơ